000 00558nam a2200205Ia 4500
005 20250326142910.0
008 250326s9999 xx 000 0 und d
020 _a0-07228917-1
037 _aTextbook
040 _aFMSL
_beng
_cFMSL
041 _aeng
_2eng
084 _aX:8 N7;P0
_qFMSL
100 _aBaye M R
_9742158
245 0 _aManagerial Economics & Business Strategy
_cBaye M R
250 _a3
260 _aBoston
_bBoston, McGraw-Hill Irwin
_c2000
300 _axxvi,558
942 _cTB
_hX:8 N7;P0
999 _c1297164
_d1297164